Pusheen's Family - Statistics

General Stats
  • This quiz has been taken 21 times
  • The average score is 5 of 8
Answer Stats
Answer % Correct
Pusheen
100%
Stormy
77%
Pip
62%
Sloth
62%
Bo
46%
Cheek
46%
Pusheen's dad (Biscuit)
38%
Pusheen's mom (Sunflower)
38%
No matching quizzes found
Score Distribution
Percent of People with Each Score
Percentile by Number Answered
Your Score History
You have not taken this quiz